000 00347nam a2200133Ia 4500
008 240729s9999 xx 000 0 und d
245 0 _aLingual
260 _aIndonesia
260 _bUniversitas Udayana
650 _aLanguage and Literature
856 _uhttps://doaj.org/toc/55f05bf78ded49a3b904cd993fa7fe01
942 _2ddc
942 _cDOAJEJ
999 _c71993
_d71993
945 _a1
_bMadushi Gamage
_c1
_dMadushi Gamage